Les sports les plus pratiqués en france - Statistiques

Statistiques générales
  • Ce quiz a été pris 342 fois
  • Le résultat moyen est 6 sur 8
Statistiques - réponses
Nombre de
pratiquants
Réponses % Correct
2 130 054 Football
100%
678 482 Basketball
93%
1 019 597 Tennis
89%
456 086 Handball
79%
379 916 Natation
73%
692 400 Équitation
64%
462 838 Judo
54%
441 961 Golf
42%
Aucun quiz correspondant
Distribution des résultats
% des personnes avec chaque résultat
Percentile par nombre de réponses
Votre historique - résultats
Vous n’avez pas pris ce quiz